Between psychology and philosophy : East-West themes and beyond
Gorde:
| Egile nagusia: | |
|---|---|
| Formatua: | Liburua |
| Hizkuntza: | ingelesa |
| Argitaratua: |
Palgrave Macmillan
2020
|
| Etiketak: |
Etiketa erantsi
Etiketarik gabe, Izan zaitez lehena erregistro honi etiketa jartzen!
|
MARC
| LEADER | 00000nam a22000007a 4500 | ||
|---|---|---|---|
| 008 | 231027b |||||||| |||| 00| 0 eng d | ||
| 020 | |a 978030225056 | ||
| 100 | |a SLOTE, Michael | ||
| 245 | |a Between psychology and philosophy |b : East-West themes and beyond |c Michael Slote. |e (Palgrave studies in comparative East-West philosophy) |g x, 215p | ||
| 260 | |b Palgrave Macmillan |c 2020 |h Florida, U.S.A. |i 700175 |i 700176 |l B799.Sl5 |m Philosophy, Comparative |m Psychology and philosophy | ||
| 500 | |a Includes bibliographical references and index. | ||
| 942 | |a lcc |c BK |e Johnson |f 27/10/23 | ||
| 952 | |0 0 |1 0 |2 lcc |4 0 |6 B0799 S L5 |7 0 |9 4611 |a ART |b HOL |c AF |d 2023-10-27 |l 0 |o B799.Sl5 |p 2023-0530 |r 2023-10-27 00:00:00 |t 700175 |w 2023-10-27 |y BK | ||
| 952 | |0 0 |1 0 |2 lcc |4 0 |6 B0799 S L5 |7 0 |9 4612 |a HOL |b HOL |c AF |d 2023-10-27 |l 0 |o B799.Sl5 |p 2023-0531 |r 2023-10-27 00:00:00 |t 700176 |w 2023-10-27 |y BK | ||
| 999 | |c 2313 |d 2313 | ||